Top 130 Länder nach Einwohner - Statistiken

Allgemein
  • Dieses Quiz wurde 11 mal gespielt
  • Das Durchschnittsergebnis liegt bei 100 aus 130
Antwortstatistiken
Anzahl Einwohner (2022) Länder % Korrekt
46'200'000 Argentinien
100%
11'600'000 Belgien
100%
214'800'000 Brasilien
100%
1'980'000 Chile
100%
1'436'600'000 China
100%
83'300'000 Deutschland
100%
18'000'000 Ecuador
100%
5'600'000 Finnland
100%
65'800'000 Frankreich
100%
10'600'000 Griechenland
100%
67'600'000 Grossbritannien
100%
1'417'200'000 Indien
100%
58'900'000 Italien
100%
38'800'000 Kanada
100%
3'800'000 Kroatien
100%
127'500'000 Mexiko
100%
17'700'000 Niederlande
100%
26'200'000 Niger
100%
218'500'000 Nigeria
100%
26'100'000 Nordkorea
100%
5'400'000 Norwegen
100%
38'000'000 Polen
100%
144'300'000 Russland
100%
10'500'000 Schweden
100%
47'400'000 Spanien
100%
60'600'000 Südafrika
100%
51'600'000 Südkorea
100%
85'200'000 Türkei
100%
41'000'000 Ukraine
100%
332'800'000 Vereinigte Staaten
100%
41'100'000 Afghanistan
88%
103'500'000 Ägypten
88%
25'800'000 Australien
88%
171'200'000 Bangladesch
88%
9'200'000 Belarus
88%
12'200'000 Bolivien
88%
6'800'000 Bulgarien
88%
5'200'000 Costa Rica
88%
5'873'420 Dänemark
88%
28'200'000 Elfenbeinküste
88%
33'500'000 Ghana
88%
275'500'000 Indonesien
88%
88'600'000 Iran
88%
5'100'000 Irland
88%
124'900'000 Japan
88%
27'900'000 Kamerun
88%
49'100'000 Kolumbien
88%
36'700'000 Marokko
88%
17'900'000 Senegal
88%
6800'000 Serbien
88%
5'400'000 Slowakei
88%
46'900'000 Sudan
88%
22'100'000 Syrien
88%
10'500'000 Tschechien
88%
9'700'000 Ungarn
88%
99'400'000 Vietnam
88%
44'900'000 Algerien
75%
35'600'000 Angola
75%
123'400'000 Äthiopien
75%
99'000'000 Demokratische Republik Kongo
75%
13'900'000 Guinea
75%
9'600'000 Honduras
75%
44'500'000 Irak
75%
16'800'000 Kambodscha
75%
54'000'000 Kenia
75%
11'100'000 Kuba
75%
5'300'000 Liberia
75%
54'200'000 Myanmar
75%
30'900'000 Nepal
75%
235'800'000 Pakistan
75%
6'800'000 Paraguay
75%
33'400'000 Peru
75%
115'600'000 Philippinen
75%
10'300'000 Portugal
75%
6'000'000 Republik Kongo
75%
19'000'000 Rumänien
75%
36'700'000 Saudi-Arabien
75%
8'800'000 Schweiz
75%
16'300'000 Simbabwe
75%
17'600'000 Somalia
75%
10'900'000 Südsudan
75%
65'500'000 Tansania
75%
66'800'000 Thailand
75%
6'400'000 Turkmenistan
75%
47'200'000 Uganda
75%
28'300'000 Venezuela
75%
9'400'000 Vereinigte Arabische Emirate
75%
11'200'000 Dominikanische Republik
63%
6'300'000 El Salvador
63%
11'600'000 Haiti
63%
9'500'000 Israel
63%
33'700'000 Jemen
63%
11'200'000 Jordanien
63%
19'200'000 Kasachstan
63%
7'500'000 Laos
63%
6'800'000 Libyen
63%
29'600'000 Madagaskar
63%
20'400000 Malawi
63%
32'700'000 Malaysia
63%
22'600'000 Mali
63%
4'700'000 Mauretanien
63%
33'000'000 Mosambik
63%
5'100'000 Neuseeland
63%
6'700'000 Nicaragua
63%
9'000'000 Österreich
63%
9'300'000 Papua-Neuguinea
63%
13'800'000 Ruanda
63%
20'000'000 Sambia
63%
5'500'000 Singapur
63%
22'400'000 Sri Lanka
63%
10'000'000 Tadschikistan
63%
23'200'000 Taiwan
63%
8'800'000 Togo
63%
17'700'000 Tschad
63%
11'800'000 Tunesien
63%
3'700'000 Eritrea
50%
17'800'000 Guatemala
50%
6'800'000 Kirgistan
50%
4'100'000 Kuwait
50%
5'500'000 Libanon
50%
4'600'000 Oman
50%
4'400'000 Panama
50%
8'700'000 Sierra Leone
50%
35'600'000 Usbekistan
50%
10'200'000 Aserbaidschan
38%
13'400'000 Benin
38%
22'700'000 Burkina Faso
38%
12'900'000 Burundi
38%
3'700'000 Georgien
25%
5'600'000 Zentral­afrikanische Republik
0%
Keine übereinstimmenden Quizze gefunden
Verteilung der Resultate
Anzahl Personen mit jedem Resultat
Perzentil nach korrekt beantworteten Fragen
Ihre Resultats-Entwicklung
Sie haben dieses Quiz noch nicht gespielt